| 000 | 03244cam a2200505 i 4500 | ||
|---|---|---|---|
| 001 | 5993 | ||
| 003 | FISKH | ||
| 005 | 20250225092536.0 | ||
| 008 | 201201t20212021nyua b 001 0 eng d | ||
| 010 | _a 2020951207 | ||
| 020 |
_a9780316451406 _q(hardcover) |
||
| 020 |
_a9780008309039 _c$13.00 |
||
| 020 |
_a0316451401 _q(hardcover) |
||
| 020 |
_a9780316266659 _q(international paperback edition) |
||
| 020 |
_a0316266655 _q(international paperback edition) |
||
| 035 | _a(OCoLC)on1249942231 | ||
| 040 |
_aNjBwBT _beng _erda _cJBL _dJBL |
||
| 050 | _aBF447 .K34 | ||
| 082 | _a153.83 | ||
| 100 | 1 |
_aKahneman, Daniel, _d1934- _eauthor. |
|
| 245 | 1 | 0 |
_aNoise : _ba flaw in human judgment / _cDaniel Kahneman, Olivier Sibony, Cass R. Sunstein. |
| 260 |
_aLondon : _bWilliam Collins, _c2021. |
||
| 300 |
_a452 pages : _billustrations ; _c18 cm |
||
| 504 | _aIncludes bibliographical references and index. | ||
| 505 | 0 | _aIntroduction: Two kinds of error -- Part I. Finding noise: Crime and noisy punishment ; A noisy system ; Singular decisions -- Part II. Your mind is a measuring instrument: Matters of judgment ; Measuring error ; The analysis of noise ; Occasion noise ; How groups amplify noise -- Part III. Noise in predictive judgments: Judgments and models ; Noiseless rules ; Objective ignorance ; The valley of the normal -- Part IV. How noise happens: Heuristics, biases, and noise ; The matching operation ; Scale ; Patterns ; The sources of noise -- Part V. Improving judgments: Better judges for better judgments ; Debiasing and decision hygiene ; Sequencing information in forensic science ; Selection and aggregation in forecasting ; Guidelines in medicine ; Defining the scale in performance ratings ; Structure in hiring ; The mediating assessments protocol -- Part VI. Optimal noise: The costs of noise reduction ; Dignity ; Rules or standards? -- Review and conclusion: Taking noise seriously -- Epilogue: A less noisy world -- Appendix A: How to conduct a noise audit -- Appendix B: A checklist for a decision observer -- Appendix C: Correcting predictions. | |
| 520 | _aDiscusses why people make bad judgments and how to make better ones by reducing the influence of "noise"--variables that can cause bias in decision making--and draws on examples in many fields, including medicine, law, economic forecasting, forensic science, strategy, and personnel selection. | ||
| 650 | 0 | _aJudgment. | |
| 650 | 0 | _aDecision making. | |
| 650 | 0 | _aReasoning (Psychology) | |
| 650 | 0 | _aCognitive styles. | |
| 650 | 7 |
_aPSYCHOLOGY / Applied Psychology. _2bisacsh |
|
| 650 | 7 |
_aPSYCHOLOGY / Cognitive Psychology & Cognition. _2bisacsh |
|
| 650 | 7 |
_aPSYCHOLOGY / Social Psychology. _2bisacsh |
|
| 650 | 7 |
_aCognitive styles. _2fast _0(OCoLC)fst00866554 |
|
| 650 | 7 |
_aDecision making. _2fast _0(OCoLC)fst00889035 |
|
| 650 | 7 |
_aJudgment. _2fast _0(OCoLC)fst00984572 |
|
| 650 | 7 |
_aReasoning (Psychology) _2fast _0(OCoLC)fst01091298 |
|
| 655 | 7 |
_aSelf-help publications. _2fast _0(OCoLC)fst01941328 |
|
| 655 | 7 |
_aSelf-help publications. _2lcgft |
|
| 700 | 1 |
_aSibony, Olivier, _eauthor. |
|
| 700 | 1 |
_aSunstein, Cass R., _eauthor. |
|
| 906 |
_a7 _bcbc _ccopycat _d2 _encip _f20 _gy-gencatlg |
||
| 942 |
_2ddc _cBK _n0 |
||
| 999 |
_c5993 _d5993 |
||